|
|
|
|
| LEADER |
00000nam a2200000Ia 4500 |
| 008 |
170529b2009 pr ||||| |||| 00| | spa d |
| 999 |
|
|
|c 1282
|d 1282
|
| 090 |
|
|
|a 04.02.01
|b 2040
|
| 100 |
1 |
|
|a Cabezudo, Alicia
|9 2878
|
| 245 |
1 |
0 |
|a Educar para la paz en la ciudad /
|c Alicia Cabezudo
|
| 260 |
|
|
|a San Juan, Puerto Rico :
|b Universidad de Puerto Rico. Cátedra UNESCO de educación para la paz,
|c 2009
|
| 300 |
|
|
|a 49 páginas
|
| 500 |
|
|
|a Conferencia magistral (2005-2006) Cátedra UNESCO de educación para la paz
|
| 650 |
1 |
4 |
|a DERECHOS HUMANOS
|9 588
|
| 650 |
1 |
4 |
|a EDUCACIÓN PARA LA PAZ
|9 726
|
| 942 |
|
|
|i 002515
|h 04.02.01 2040
|2 z
|c 01
|